000 00692nam a2200205 a 4500
008 120416s1986 ||||||||||||||||| || u
020 _a0534052983
050 _aQA 154.2 Gil
100 _aGilbert, Jimmie, 1934-
245 1 0 _aCollege algebra
250 _a2nd ed.
260 _aBelmont, Calif. :
_bWadsworth Publishing Company
_c1986
300 _axi ; 420p. ;ill.
350 _a0.00
650 _aTEXTBOOKS
650 0 _aMATHEMATICS--HANDBOOKS, MANUALS, ETC
700 _aSpencer, James, 1943-
700 _aGilbert, Linda, 1948-
995 _D0.00
_FCBU-MAIN LIBRARY (Kitwe)
_H1
_I5.95
_M1
_UDAMAGED
_ZMain Library Open Access Collection
999 _c37685
_d37685